[Event "Bruges Masters op"]
[Site "Bruges"]
[Date "2016.08.16"]
[Round "5"]
[White "Artels, Lieven"]
[Black "Moens, Patrick"]
[Result "0-1"]
[WhiteElo "2047"]
[BlackElo "1886"]
[PlyCount "132"]
[EventDate "2016.08.14"]
[EventType "swiss"]
[EventRounds "9"]
[EventCountry "BEL"]
[SourceTitle "CBM 173 Extra"]
[Source "ChessBase"]
[SourceDate "2016.08.29"]
[SourceVersion "1"]
[SourceVersionDate "2016.08.29"]
[SourceQuality "1"]

1. e4 c5 2. Nf3 d6 3. d4 cxd4 4. Nxd4 Nf6 5. Nc3 a6 6. Be2 e5 7. Nb3 Be7 8. Be3 Be6 9. Nd5 Bxd5 10. exd5 Nbd7 11. 0-0 Qc7 12. c4 0-0 13. Rc1 Rfc8 14. Qd3 b6 15. f4 a5 16. Rfd1 a4 17. Nd2 Nc5 18. Bxc5 Qxc5+ 19. Kh1 exf4 20. Rf1 Qe3 21. Rc3 Qxd3 22. Rxd3 g5 23. Rc3 Ra7 24. Rc2 b5 25. Rfc1 bxc4 26. Rxc4 Rxc4 27. Bxc4 Rc7 28. Re1 Kf8 29. b3 axb3 30. axb3 Ng4 31. Nf1 Bf6 32. h3 Ne5 33. Rc1 Nxc4 34. bxc4 Bd4 35. Kh2 h5 36. Rc2 f5 37. Nd2 Kf7 38. Nf3 Bf6 39. Ne1 Rb7 40. c5 dxc5 41. Rxc5 Bd4 42. Rc4 Bf2 43. Nd3 Bg3+ 44. Kg1 Rb1+ 45. Rc1 Rxc1+ 46. Nxc1 Ke7 47. Kf1 Kd6 48. Ke2 Kxd5 49. Nd3 g4 50. Kf1 f3 51. gxf3 gxh3 52. Nb4+ Kc4 53. Nc6 Bd6 54. Kf2 h4 55. Nd8 Bc5+ 56. Kf1 Kd5 57. Nf7 Be3 58. Nh8 Ke6 59. Ng6 Bg5 60. Kg1 Kf6 61. Nf8 Be3+ 62. Kh2 Kf7 63. Nd7 Ke7 64. Nb8 Bf4+ 65. Kg1 Kf7 66. Nd7 Ke7 0-1